000 00305nam a22001337a 4500
008 170329b xxu||||| |||| 00| 0 eng d
020 _a9780632046058
041 _aeng
080 _a616-053.2
100 _a8
101 _aSHM
245 _aCLINICAL CASES IN PEDIATRICS
_cLONDHE, V.A
942 _2udc
_cBK
999 _c9010
_d9010